<?xml version="1.0" encoding="UTF-8"?>
<marc:record xmlns:marc="http://www.loc.gov/MARC21/slim">
   <marc:leader>00000nam a2200000 a 4500</marc:leader>
   <marc:datafield ind1="1" ind2=" " tag="100">
      <marc:subfield code="a">Berg, Ellen</marc:subfield>
      <marc:subfield code="4">aut</marc:subfield>
      <marc:subfield code="e">Verfasser/-in</marc:subfield>
   </marc:datafield>
   <marc:datafield ind1="0" ind2="0" tag="245">
      <marc:subfield code="a">Jünger geht immer!</marc:subfield>
   </marc:datafield>
   <marc:datafield ind1="0" ind2="0" tag="245">
      <marc:subfield code="b">(K) ein Liebes-Roman</marc:subfield>
   </marc:datafield>
   <marc:datafield ind1=" " ind2="1" tag="264">
      <marc:subfield code="a">Berlin</marc:subfield>
      <marc:subfield code="b">Aufbau Taschenbuch</marc:subfield>
      <marc:subfield code="c">2025</marc:subfield>
   </marc:datafield>
   <marc:datafield ind1=" " ind2=" " tag="250">
      <marc:subfield code="a">1. Auflage</marc:subfield>
   </marc:datafield>
   <marc:datafield ind1="1" ind2=" " tag="520">
      <marc:subfield code="a">Alter egal  alles Liebe!#Anne kriegt die Krise. Da hat sie monatelang die Goldene Hochzeit ihrer Eltern vorbereitet, doch bei der Feier verkündet ihre Mutter, dass sie sich scheiden lässt. Altersstarrsinn oder Late Life Crisis? Als die Mutter dann auch noch einen deutlich jüngeren Freund präsentiert, wendet sich Anne an Tom, den Sohn des neuen Lovers  der jedoch kein Problem damit hat. Prompt bringt eine überraschende Versuchung Annes eigenes Eheleben durcheinander, und sie muss sich fragen: Ist die Liebe zu einem jüngeren Mann wirklich so abwegig?#Der neue Bestseller von Ellen Berg über die Frage, welche Zugeständnisse Frauen im Alter machen müssen  und ob wir jemals aufhören sollten, nach Liebe und Glück zu suchen.</marc:subfield>
   </marc:datafield>
   <marc:datafield ind1=" " ind2=" " tag="020">
      <marc:subfield code="a">9783746641034</marc:subfield>
      <marc:subfield code="9">9783746641034</marc:subfield>
   </marc:datafield>
   <marc:datafield ind1=" " ind2=" " tag="041">
      <marc:subfield code="a">ger</marc:subfield>
   </marc:datafield>
   <marc:datafield ind1=" " ind2=" " tag="300">
      <marc:subfield code="a">378 Seiten</marc:subfield>
   </marc:datafield>
</marc:record>
